000 00606nam a2200181Ia 4500
001 24607
005 20260414151055.0
008 260414t2017||||xx |||||||||||||| ||spa||
041 _aESP
082 _a345.721
_bB141 V. 44
100 _aDelgado Menéndez, María Antonieta
_eAUT
245 0 _aArbitraje :
_bautonomía de la voluntad, ley de contrato y normas internacionales imperativas. La ley peruana a la luz de las tendencias del derecho internacional privado contemporáneo
260 _c2017
300 _a206 páginas :
_c24 cm.
650 _aDER
654 _aCDE
942 _cLIB
_dJUS
_fJUS
_2ddc
_n
999 _c24607
_d24607